|
|
|
|
| LEADER |
00893nam a2200229 a 4500 |
| 001 |
00025472 |
| 008 |
120704s2004 enka 000 0 eng |
| 020 |
|
|
|a 0521752078
|
| 020 |
|
|
|a 9780521752077
|
| 040 |
|
|
|a BD-DhAAL
|c BD-DhAAL
|
| 082 |
0 |
4 |
|a 428.6
|2 20
|
| 100 |
1 |
|
|a Rose, Gerald.
|
| 245 |
1 |
0 |
|a The Tortoise and the Hare /
|c Gerald Rose.
|
| 260 |
|
|
|a Cambridge :
|b Cambridge University Press ,
|c c2004.
|
| 300 |
|
|
|a 16 p. :
|b col. ill. ;
|c 23cm.
|
| 490 |
0 |
|
|a Cambridge storybooks
|
| 541 |
1 |
|
|e 00025472
|
| 650 |
|
0 |
|a Readers
|x Juvenile literature.
|
| 653 |
|
1 |
|a English language
|a Reading books
|
| 852 |
1 |
|
|a Ayesha Abed library
|c General Shelf
|
| 999 |
|
|
|c 12484
|d 12484
|
| 952 |
|
|
|0 0
|1 0
|2 ddc
|4 0
|6 428_600000000000000_ROS
|7 0
|9 20638
|a BRACUL
|b BRACUL
|c GEN
|d 2012-07-04
|e karim International
|g 514.00
|l 1
|o 428.6 ROS
|p 3010025472
|r 2025-02-12
|s 2024-12-12
|t 1
|w 2012-07-04
|y BK
|x Transferred from BIL to BRACUL on 06/06/22
|